| 000 | 00426cam a2200193 4500 | ||
|---|---|---|---|
| 001 | D13693 | ||
| 008 | 090401t1956 xxu||||| |||| 00| 0 eng d | ||
| 035 | _a(Sirsi) u11167 | ||
| 041 | _aeng | ||
| 100 | _aRea, J.T. | ||
| 245 | _aHow to estimate. Revised by A.E. Bayliss | ||
| 250 | _a12th | ||
| 260 |
_bBatsford _c1956 |
||
| 300 | _a672p | ||
| 350 | _a1.75 | ||
| 520 | _aShelf 133 | ||
| 942 | _n0 | ||
| 948 | _c04/03/1997 | ||
| 999 |
_c86824 _d86824 |
||